| 000 | 00437nam a22001697a 4500 | ||
|---|---|---|---|
| 003 | NUST - PNEC | ||
| 005 | 20170116180930.0 | ||
| 008 | 150905b xxu||||| |||| 00| 0 eng d | ||
| 020 | _a9781408810545 | ||
| 040 | _cLIBRARY | ||
| 082 | _a823.914 ROW | ||
| 100 |
_98160 _aRowling, J. K |
||
| 245 |
_a Harry Potter and the sorcerer's stone _c J. K. Rowling |
||
| 260 | _cc.1997 | ||
| 650 |
_98167 _aWizards _xLiterature |
||
| 942 |
_2ddc _cBK |
||
| 999 |
_c65865 _d65865 |
||